000 00320nam a22001337a 4500
020 _a978-1-846-14511-7
082 _a001
_bMAC/H
100 _aMACGREGOR,NEIL
245 _aA HISTORY OF THE WORLD IN 100 OBJECTS
260 _aENGLAND
_bPENGUIN GROUP
300 _a707
650 _aGENERAL KNOWLEDGE
_zENGLAND
942 _cBK
999 _c2081
_d2081